000 00872nam0a22002411 4500
001 rc\259963
005 20250621024846.0
010 _a5-253-00162-X
_9500000
035 _a(NLR Aleph) 005533056
090 _a5629959
_c5629959
100 _a20030307d1990 |||y0rusy50 ca
101 0 _arus
102 _aRU
105 _aa |||||||||
200 1 _aБритва в киселе
_eИзбр. произведения
_fАркадий Аверченко
_g[Сост., вступ. ст., с.5-24 и примеч. С.С. Никоненко
_gИллюстрации Е.О. Ведерникова]
210 _aМ.
_cПравда
_d1990
215 _a475, [1] с.
_cил.
_d20
700 1 _aАверченко
_bА.Т.
_f1881-1925
_gАркадий Тимофеевич
801 0 _aRU
_bNLR
_gpsbo
801 1 _aRU
_bELAR
_2rusmarc
852 _aNLR
_j90-3/10622
942 _cBOOK
980 _aNB